| 000 | 01252cam a2200313 a 4500 | ||
|---|---|---|---|
| 005 | 20260322212025.0 | ||
| 008 | data | ||
| 010 | _a 2003107581 | ||
| 020 | _a0763623296 | ||
| 020 | _a9780763623296 | ||
| 040 |
_aDPL _cDPL _dDLC _dDLC |
||
| 042 | _alccopycat | ||
| 050 | 0 | 0 |
_aGR830.D7 _bD74 2003 |
| 082 | 0 | 0 |
_a398.24/54 _222 |
| 092 | _a398.24 D74 2003 | ||
| 245 | 0 | 0 |
_aDr. Ernest Drake's dragonology : _bthe complete book of dragons / _cedited by Dugald Steer. |
| 246 | 1 | 4 |
_aDragonology : _bthe complete book of dragons |
| 246 | 3 | _aDoctor Ernest Drake's dragonology | |
| 250 | _a1st U.S. ed. | ||
| 260 |
_aCambridge, MA : _bCandlewick Press, _c2003. |
||
| 300 |
_a1 v. (unpaged) : _bill. (some col.), col. maps ; _c31 cm. |
||
| 500 | _aIncludes touch and feel patches, lift-the-flap illustrations, a folded "dragon script", "A dragonologist's personal record book" sample, and a "Riddles & puzzles" booklet (4 p. ; 12 cm.). | ||
| 650 | 0 | _aDragons. | |
| 650 | 0 | _aToy and movable books. | |
| 700 | 1 | _aSteer, Dugald | |
| 856 | 4 | 2 |
_3Contributor biographical information _uhttp://www.loc.gov/catdir/enhancements/fy0615/2003107581-b.html |
| 856 | 4 | 2 |
_3Publisher description _uhttp://www.loc.gov/catdir/enhancements/fy0615/2003107581-d.html |
| 001 | data | ||
| 999 |
_c567 _d567 |
||